[Event "Bundesliga 0203"]
[Site "Germany"]
[Date "2002.12.14"]
[Round "5.7"]
[White "Thiede, Lars"]
[Black "Heinemann, Thies"]
[Result "1-0"]
[WhiteElo "2416"]
[BlackElo "2437"]
[Annotator "Ribli,Z"]
[PlyCount "109"]
[EventDate "2002.10.19"]
[EventType "team-tourn"]
[EventRounds "15"]
[EventCountry "GER"]
[SourceTitle "CBM 093"]
[Source "ChessBase"]
[SourceDate "2003.04.01"]
[SourceVersion "1"]
[SourceVersionDate "2003.04.01"]
[SourceQuality "1"]
[WhiteTeam "Neukoelln"]
[BlackTeam "Hamburger SK"]
[WhiteTeamCountry "GER"]
[BlackTeamCountry "GER"]

1. g3 c5 2. c4 Nc6 3. Bg2 g6 4. Nc3 Bg7 5. a3 e6 (5... a6 {Diese Stellung ist
symmetrisch und Weiß am Zuge, aber diese Variante ist gut genug für Ausgleich.}
) 6. b4 Nxb4 (6... cxb4 7. axb4 Nxb4 8. Ba3 $44) 7. axb4 cxb4 {[%csl Rc3][%cal
Gg7a1]} 8. d4 (8. Nb5 $6 {Dieser taktische Zug ist in Wirklichkeit nicht gut.}
Bxa1 9. Qa4 Bf6 10. d4 a6 11. Nd6+ Kf8 12. Nf3 Be7 $17) 8... bxc3 9. e3 {
[%csl Rc3][%cal Gg1e2,Ge2c3] Weiß verstärkt seine Bauernstellung im Zentrum
und gewinnt nachfolgend mit Ne2-Nxc3 den c3-Bauern zurück.} Ne7 10. Ba3 {
Weiß hat noch zwei Bauern weniger, aber er gewinnt den c3-Bauern früher oder
später zurück.} (10. Ne2 d5 11. Nxc3 dxc4 12. O-O O-O 13. Ba3 a6 14. Qe2 Qc7
15. Rfc1 Ra7 16. Qb2 Re8 17. Bc5 Ra8 18. Qb4 $44 {Gurevich,M-Yudasin,L/Haifa/
1995/0|1/46/}) 10... d5 11. cxd5 Nxd5 12. Ne2 Bd7 {Dieser Läuferzug gefällt
mir nicht - es wäre viel besser den gefährlichen Ba3 mit 12...Bf8 abzutauschen.
} (12... Bf8 13. Bxf8 (13. O-O Bxa3 14. Rxa3 Bd7 15. e4 Ne7 16. Nxc3 O-O 17.
Qa1 a5 18. Rb1 Nc6 {1/2-1/2 Smyslov,V-Hartston,W/Hastings 1972/MCD (18)}) 13...
Kxf8 14. Qb3 Kg7 15. O-O Bd7 (15... b6 16. e4 Nf6 17. e5 Nd5 18. Nxc3 Bb7 19.
Nb5 Qb8 20. Rfc1 a6 21. Nd6 Rd8 22. Qa3 {1-0 Krasenkow,M-Brynell,S/Copenhagen
1996/CBM 54/[Ribli] (34)}) 16. Rfc1 Bc6 17. e4 Nf6 18. f3 a6 19. Qxc3 Bb5 20.
Nf4 Rc8 21. Qb2 Rxc1+ 22. Rxc1 g5 23. Nh3 h6 24. f4 Qb6 {0-1 Nyback,T-Bilek,I/
Budapest 2002/CBM 88 ext (33)}) 13. O-O (13. Qb3 Bc6 (13... Qb6 14. Bxd5 exd5
15. Qxb6 axb6 16. O-O Bb5 17. Rfe1 Bxe2 18. Rxe2 Kd7 19. Rea2 Rhc8 {0-1
Kaspret,G-Fabisch,C/AUT 1993/EXT 98 (33)}) 14. O-O Qb6 15. Qa2 Bf8 16. Bxf8
Kxf8 17. Rab1 Nb4 18. Qa3 a5 19. Bxc6 bxc6 20. Qxc3 Ke7 21. Nf4 Qb5 22. Rfd1
Rhd8 23. Nd3 {1-0 Delchev,A-Tukmakov,V/Pula 2001/CBM 84 ext (34)}) 13... Bc6
14. e4 (14. Qb3) 14... Ne7 15. Qb3 O-O {Endlich konnte Schwarz seine
Entwicklung beenden.} 16. Rfd1 Qd7 17. Nxc3 $44 {[%csl Ga3,Gd4,Ge4,Gg2] Weiß
hat ein starkes Bauernzentrum und aktives Figurenspiel für den Bauern. Die
schwarze Stellung ist fest und er hat seine Bauernmehrheit am Damenflügel,
aber es ist nicht leicht seine Bauern zu mobilisieren.} b6 18. d5 $1 {Das ist
die richtige Spielweise für Weiß - der d-Bauer geht voran.} exd5 19. exd5 Bb7
20. Ra2 $1 {[%csl Ga2][%cal Ga2d2,Gd2e2] Gute strategische Idee - der Ra2
kommt durch d2 (oder durch e2) ins Spiel.} Rfd8 $6 {Es waere besser den Turm
sofort nach e8 zu stellen.} (20... Rfe8 $5 21. Rad2 $44) 21. Rad2 {[%csl Gd1,
Gd2,Gd5][%cal Gd1d5]} Nf5 22. Ne4 {[%csl Ge4]} Re8 23. Bb2 Qd8 (23... Nd6 24.
Bxg7 $1 Nxe4 25. Ba1 (25. Bxe4 $6 Kxg7 $15) 25... Nxd2 26. Qc3 {[%csl Rg8]
[%cal Ra1h8]} f6 27. Qxf6 Re2 28. Qh8+ Kf7 29. Qxh7+ Ke8 30. Qg8+ Ke7 31. Qxg6
$18 {[%csl Re7]}) 24. Bxg7 Kxg7 25. Qb2+ f6 {[#]} 26. Nc5 $1 $16 {[%cal Rc5e6,
Re6g7,Re6d8][%mdl 64] Haengt der b7B und droht gleichzeitig 27.Ne6+ auch.} bxc5
(26... Bc8 $2 27. Ne6+ Bxe6 28. dxe6 $18) 27. Qxb7+ Re7 (27... Kh8 28. d6 $16)
{[#]} 28. Qxa8 $1 {Ausgezeichnet gespielt! Weiß opfert die Dame, aber er
gewinnt - mit chancenreicher Stellung - das Material zurück.} (28. Qb5 $2 Qd6
$15) 28... Qxa8 29. d6 {[%cal Rd6e7,Rg2a8]} Qxg2+ {Dieser Zug rettet die
Partie nicht, aber Schwarz kann weiterspielen.} (29... Qe8 30. dxe7 Nxe7 (30...
Nd4 31. Re1 Kf7 (31... a5 32. Rxd4 cxd4 33. Bc6 Qxc6 34. e8=Q) 32. Bd5+ $18)
31. Rd8 Qa4 32. R1d7 Qa1+ 33. Bf1 Kf7 34. Ra8 $18 {[%csl Re7][%cal Ra8a7,Ra7a1,
Ra7f7]}) 30. Kxg2 Rd7 {[%mdl 4096] Schwarz hat nur einen Bauern für die
Qualität, aber seine Bauern am Damenflügel sind schwach.} 31. Rd5 Kf7 32. g4 $1
(32. Rxc5 Nxd6 33. Rc6 Ke7 34. Ra6 $16) 32... Ng7 33. Rxc5 Ne8 34. Rcd5 (34.
Rc6 Ke6 35. Ra6 $18) 34... Ke6 35. f4 {[%cal Gf4f5,Gf5e6]} Nxd6 36. f5+ gxf5
37. gxf5+ Ke7 38. Kf3 Rd8 39. Ra5 (39. Kf4 $16) 39... Rd7 40. Rad5 (40. Ra6 $5
Nxf5 (40... h5 41. Kf4 h4 42. h3 $22) 41. Rxd7+ Kxd7 42. Rxa7+ Ke6 43. Rxh7 $18
) 40... Rd8 41. Kf4 Rd7 42. Re1+ Kf7 43. Re3 (43. Re6 $6 Nxf5 $8 44. Rxf6+ Kxf6
45. Rxd7 Kg6 46. Rxa7 $16 {Weiß muss dieses Endspiel gewinnen, aber die
Textfortsetzung (statt 43.Re6) ist viel einfacher.}) 43... a5 44. Kf3 (44. Rxa5
$2 Nc4 $11 {[%cal Rc4a5,Rc4e3]}) 44... a4 45. Kf4 h6 46. Rh3 Ke7 47. Re3+ Kf7
48. Kf3 Rd8 49. Ra3 Ke7 50. Rxa4 Nf7 51. Ra7+ Ke8 52. Rxd8+ Nxd8 53. Ra8 Ke7
54. Rxd8 $1 {Weiß hat viele Gewinnmöglichkeiten, aber das ist am Einfachsten.}
Kxd8 55. Kg4 1-0

[Event "FIDE World Cup"]
[Site "Khanty-Mansiysk"]
[Date "2005.11.28"]
[Round "1.2"]
[White "Li, Shilong"]
[Black "Vallejo Pons, Francisco"]
[Result "0-1"]
[WhiteElo "2510"]
[BlackElo "2674"]
[Annotator "Ribli,Z"]
[PlyCount "102"]
[EventDate "2005.11.27"]
[EventType "k.o."]
[EventRounds "7"]
[EventCountry "RUS"]
[SourceTitle "CBM 111"]
[Source "ChessBase"]
[SourceDate "2006.04.04"]
[SourceVersion "1"]
[SourceVersionDate "2006.04.04"]
[SourceQuality "1"]

1. e4 c5 2. c4 {Diese Fortsetzung wird selten gespielt.} Nc6 3. Nc3 g6 4. g3
Bg7 5. Bg2 d6 6. d3 Nf6 7. Nge2 O-O 8. O-O Ne8 {[%csl Yd4][%cal Ge8c7,Gc7e6,
Ge6d4] Dieses Motiv ist bekannt: die schwarze Idee besteht im Springermanöver
über c7 und e6 nach d4 zu gelangen.} 9. Be3 Nd4 {Schwarz möchte das Feld d4
besetzen.} (9... Nc7 10. d4) 10. Rb1 Bg4 {Mit dem Textzug möchte Weiß 11.f3
provozieren. Aber die Alternative 10...a5!? kommt ebenfalls Betracht.} (10...
Nc7 11. b4 Nce6 (11... Rb8 12. Nd5 Nxe2+ 13. Qxe2 Ne6 14. Qd2 Nd4 15. Bg5 {
1/2-1/2 Astashov,G-Tihonov,J/Minsk 2005/(49)}) 12. Qd2 Nxe2+ 13. Nxe2 Nd4 14.
f4 Rb8 15. f5 gxf5 $1 16. Nxd4 $6 (16. bxc5 $1 dxc5 17. Nxd4 cxd4 (17... Bxd4
18. exf5 $14) 18. Bh6 $40) 16... cxd4 17. Bh6 Bxh6 18. Qxh6 fxe4 19. Bxe4 f5
20. Qg5+ Kh8 21. Bxf5 $36 {1-0 Ribli,Z-Istratescu,A/Odorheiu Secuiesc 1993/CBM
036/[Ribli] (44)}) (10... a5 $5 {Auf diese Weise kann Schwarz 11.b4 verhindern.
} 11. b3 (11. a3 a4 $5) 11... Nc7 12. a3 Bg4 $1 $10 {Gurevich,M-Gavrikov,V/
USSR/1983/}) 11. f3 Bd7 12. b4 b6 13. Qd2 (13. f4 Rc8 14. b5 f5 15. a4 e6 16.
Qd2 {0-1 Sifres,P-Munoz Pantoja,M/Buenos Aires 1993/EXT 2000 (37)}) 13... Rc8 {
Dieser Zug erscheint mir ein wenig schablonenhaft, die Alternative 13...Nc7
ist konsequenter.} (13... Bc6 14. b5 Bb7 15. Bh6 Qc7 16. a4 Nxe2+ 17. Nxe2 Bxh6
18. Qxh6 Nf6 19. g4 Rfb8 20. g5 {1-0 Grant,J-Pyrich,G/SCO-ch 1992/EXT 98 (51)})
(13... Nc7 14. h3 Rb8 15. f4 f5 16. bxc5 bxc5 17. Rxb8 Qxb8 18. Rb1 Nxe2+ 19.
Qxe2 Qc8 20. Nd5 Nxd5 21. exd5 Qc7 {1/2-1/2 Nevednichy,V-Nataf,I/Budva 2003/
(28)}) 14. f4 {Schwarz hat die Kontrolle über d4, aber Weiß besitzt einige
Initiative am Königsflügel.} Nc7 15. Bf2 (15. f5 $5 gxf5 16. Bh6 $44) 15... Kh8
(15... f5) 16. Nd5 Nxe2+ (16... Nxd5 17. exd5 Nxe2+ 18. Qxe2 $11) 17. Qxe2 Ne6
{[%csl Yd4][%cal Ge6d4][%mdl 32] Endlich kann der schwarze Springer auf d4
erscheinen.} 18. Qd2 Nd4 {[%csl Gd4] Der Unterschied zwischen den beiden
Springern auf d4 jund d5 ist, dass Schwarz mit e6 den weißen Springer verjagen
kann.} 19. Kh1 {Weiß verbessert seine Königsstellung; sollte der König auf g1
stehen, so muss er mit Bh3 rechnen.} Kg8 20. Bg1 e6 21. Nc3 a6 {[%cal Gb6b5]}
22. Ne2 (22. b5 a5 (22... axb5 23. Bxd4 Bxd4 24. Nxb5 Bxb5 25. Rxb5 Ra8 $11)
23. Ne2 Nxe2 24. Qxe2 $11) 22... b5 (22... Nxe2 $5 23. Qxe2 cxb4 24. Rxb4 b5)
23. bxc5 dxc5 (23... Nxe2 24. Qxe2 dxc5 25. e5) 24. Nxd4 cxd4 (24... Bxd4 25.
Bxd4 cxd4) 25. e5 {Weiß schliesst die Diagonale des g7-Läufers.} bxc4 26. dxc4
Rxc4 27. Rfc1 (27. Bxd4 Bc6 28. Bxc6 Rxc6 $15) 27... Ra4 28. Bxd4 $11 Bb5 29.
Rb4 Qa5 30. Bc3 Rc8 {[%cal Gc8c1,Ga5d2] Nach diesem Zug sind die weißen
Figuren am Damenflügel gefesselt und der Fiancetto-Läufer auf g7 gelangt durch
f8 ins Spiel.} 31. Rd4 (31. Rxa4 Qxa4 $15) 31... Qb6 32. Rxa4 (32. Rd6 Bc6)
32... Bxa4 33. Qb2 Qd8 (33... Qxb2 34. Bxb2 $11) 34. Be1 (34. Qd2 $11) 34...
Bf8 $1 {[%csl Gf8][%cal Gf8a3] Der g7B kommt auf der f8-a3 Diagonale ins Spiel.
} 35. Rxc8 Qxc8 36. Qc3 Qd7 (36... Qxc3 37. Bxc3 $11) 37. Bf3 (37. Qd2 Qb5 38.
h3 Qc4 {[%cal Ga4c6,Gc6h1]}) 37... Qb5 38. Kg2 Qb1 $15 {[%csl Ga4,Gb1,Gf8]
[%mdl 2048] Stufenweise verbessert Schwarz seine Stellung - seine Figuren sind
aktiver am Damenflügel.} 39. Qd2 Bb5 40. g4 h6 41. Bf2 Be7 42. h4 a5 {[%csl
Ga5][%cal Ga5a4,Ga4a3]} 43. Kg3 (43. Qxa5 $2 Qf1+ 44. Kg3 Bxh4+ 45. Kxh4 Qxf2+
$19) (43. g5 hxg5 44. hxg5 a4) 43... a4 44. Qa5 $2 (44. g5 hxg5 45. hxg5 a3)
44... Qxa2 $19 45. Qa7 (45. Qxb5 Bxh4+ 46. Kxh4 Qxf2+ 47. Kh3 Qxf3+ $19) 45...
Bf8 46. g5 hxg5 47. hxg5 Qc4 {[%csl Ga4] Der a-Bauer entscheidet die Partie.}
48. Qa8 a3 49. Bb6 a2 50. Bd8 Qa4 51. Qb8 a1=Q 0-1

[Event "Goodricke op 12th"]
[Site "Kolkata"]
[Date "2001.02.12"]
[Round "7"]
[White "Miezis, Normunds"]
[Black "Konguvel, Ponnuswamy"]
[Result "1-0"]
[WhiteElo "2532"]
[BlackElo "2383"]
[Annotator "Ribli,Z"]
[PlyCount "91"]
[EventDate "2001.02.06"]
[EventType "swiss"]
[EventRounds "11"]
[EventCountry "IND"]
[SourceTitle "CBM 082"]
[Source "ChessBase"]
[SourceDate "2001.05.17"]
[SourceVersion "1"]
[SourceVersionDate "2001.05.17"]
[SourceQuality "1"]

1. c4 c5 2. Nc3 g6 3. g3 Bg7 4. Bg2 Nc6 5. d3 e6 (5... d6) 6. e4 {Der
lettische GM spielt wieder seine Lieblingsvariante. Weiß sorgt sich nicht um
die Schwächung des Feldes d4, sein Ziel ist es, ein festes Zentrum aufzubauen.}
Nge7 7. Nge2 d6 8. a3 {Weiß möchte anschließend b4-b5 ziehen. Im Falle von 8...
a5 wird das Feld b5 schwach.} O-O 9. Rb1 b6 10. b4 Bb7 11. O-O Qd7 12. h3 {
Mit diesem Wartezug bereitet Weiß 13.Kh2 vor.} (12. f4 Nd4 13. Kh1 f5 14. Nxd4
cxd4 15. Ne2 Kh8 16. Ng1 Rae8 17. Bd2 Ng8 18. Nh3 fxe4 19. dxe4 e5 20. Nf2 exf4
21. Bxf4 Rf7 {1/2-1/2 Belov,V-Yagupov,I/Minsk 2000/EXT 2001 (27)}) (12. Be3 Nd4
13. Qd2 Rfd8 14. f4 f5 15. Bf2 Rac8 16. Rfc1 Ba8 17. Qa2 Kh8 18. Nxd4 cxd4 19.
Ne2 e5 20. Be1 fxe4 21. dxe4 Ng8 22. Qb3 Nf6 23. Qd3 Re8 {0-1 Kopal,J-Akesson,
R/Aaland-Stockholm 1997/EXT 98 (37)}) (12. h4 $6 h6 13. Bd2 Rad8 14. b5 Ne5 15.
Nf4 f5 $15 16. exf5 $6 {Dieser Zug hilft nur dem Gegner.} Nxf5 {[%csl Yd4]
[%cal Gf5d4] 1/2-1/2 Aronian,L-Stohl,I/Portoroz 1999/CBM 72/[Ribli] (42)})
12... Rae8 (12... Rac8 13. Kh2 Nd4 14. Be3 Ba8 15. Qd2 Rfd8 16. Nf4 Qb7 17. b5
Qd7 18. h4 Rf8 19. Nh3 d5 20. Bh6 dxc4 21. dxc4 Rfd8 {0-1 Serebrjanik,A-Lev,R/
Kfar Sava 1993/EXT 2000 (55)}) (12... Nd4 13. Nxd4 cxd4 14. Ne2 e5 15. a4 f5
16. f3 a6 17. Qb3 Kh8 18. Bd2 Ng8 19. Rfc1 Bc6 20. b5 axb5 21. axb5 Bb7 22. Ra1
Bh6 {0-1 Miezis,N-Milov,V/Biel 1993/TD (47)}) 13. Kh2 Nd4 $11 {Schwarz hat
sich harmonisch entwickelt und kontrolliert das Feld d4.} 14. Be3 {Das ist ein
natürlicher Entwicklungszug, aber nun darf Weiß nicht mehr Nxd4 spielen.} (14.
Nxd4 cxd4 15. Ne2 e5 $11) 14... f5 (14... Nxe2 15. Nxe2 f5 16. f4 $11) 15. f4
Kh8 (15... e5 $11) (15... Nec6 16. b5 Ne7 $11) 16. a4 $6 {Dieser Zug schwächt
die weiße Bauernmasse am Damenflügel.} (16. Qd2 $11) 16... Nxe2 17. Nxe2 Nc6 (
17... cxb4 $142 18. Rxb4 fxe4 (18... Nc6 19. Rb1 fxe4 20. dxe4 Na5 (20... e5
21. c5 $13) 21. c5) 19. dxe4 (19. Bxe4 Bxe4 20. dxe4 Nc6 21. Rb5 Qc7 $15) 19...
e5 {[%cal Ge8e4,Gb7e4]} 20. c5 bxc5 21. Bxc5 Nd5 22. exd5 dxc5 $15) 18. b5 Nd4
19. Qd2 Re7 $6 (19... e5 $11) (19... fxe4 20. dxe4 e5 $11) 20. Nc3 Rfe8 21. Rf2
d5 $2 {[%mdl 16384]} (21... fxe4 22. dxe4 e5 $11) 22. cxd5 exd5 23. e5 $14 {
Droht 24.Bxd4 cxd4 25.Ne2.} Ne6 {Der Ne6 hat ein gutes Blokadefeld eingenommen,
dafür aber besitzt Weiß Raumvorteil.} 24. d4 c4 (24... cxd4 25. Bxd4 Nxd4 26.
Qxd4 $16 {[%csl Rd5]}) 25. a5 {[%mdl 32] Weiß hat nun spürbar die Initiative
am Damenflügel, Schwarz hingegen verfügt über kein Gegenspiel.} Nc7 (25... bxa5
$2 26. Ra1 $16 {[%csl Ra5,Ra7][%cal Ra1a5]}) 26. Qb2 {Weiß verteidigt zum
einen den Pb5, zum anderen möchte er den Rb1 befreien.} Re6 27. Ra1 Ra8 28. Qb1
$1 {[%cal Gf2a2,Gb1h1] Ein vielschichtiger Zug - es droht konkret 29.Rfa2 und
29.Qh1.} Bf8 $2 (28... bxa5 29. Rxa5 Rb6 30. Rb2 $14) 29. a6 Bc8 30. Qh1 $16 {
[%csl Rd5]} (30. Rb2 Re8 31. Qh1 Rd8 $14) 30... Nxb5 31. Nxb5 (31. Bxd5 $5 Nxc3
32. Bxe6 Qxe6 33. Qxa8 Nd5 {Schwarz besitzt nur scheinbar Kompensation, der
weiße a-Bauer wird jedoch sehr stark.} 34. Qxa7 Nxe3 35. Qb8 $18 {[%cal Ra6a7,
Ra7a8]}) 31... Qxb5 32. Bxd5 {[%cal Rd5a8,Rd5e6]} Rb8 33. Rc1 $1 (33. Bxe6 Bxe6
$132 {[%cal Ge6d5]} 34. Qb7 $2 {Dieser Zug ist eine schöne Überraschung, aber
er ist nicht gut.} Rxb7 35. axb7 Qe8 36. Rxa7 Qb8) 33... Qxa6 34. Bxc4 (34. Ra1
Qb5 35. Bxe6 Bxe6 36. Rxa7 Bd5 $132) 34... Qa3 35. Qe1 {Weiß hat großen
positionellen Vorteil - die Bauernmasse im Zentrum ist sehr stark.} Re8 36. Ra2
Qe7 37. d5 {[%csl Gd5,Ge5] Die weißen Zentrumsbauern sind nicht aufzuhalten.}
a5 38. d6 Qb7 39. Qd2 (39. Rb2 $18 {[%csl Rb6]}) 39... Be6 40. Bxe6 Rxe6 41.
Rc7 $18 {Schwarz hat keine Verteidigung gegen die vielfältigen Drohungen.} (41.
Rb1 $18 {[%csl Rb6]}) 41... Qe4 42. Rac2 Rd8 (42... Bxd6 43. exd6 Qxe3 44. d7
$18) 43. Bxb6 Bxd6 44. exd6 Rdxd6 45. Qc3+ Rf6 46. Bc5 1-0

[Event "Interzonal-16"]
[Site "Biel"]
[Date "1993.??.??"]
[Round "8"]
[White "Rogers, Ian"]
[Black "Sveshnikov, Evgeny"]
[Result "0-1"]
[WhiteElo "2595"]
[BlackElo "2570"]
[Annotator "Ribli,Z"]
[PlyCount "80"]
[EventDate "1993.07.16"]
[EventType "swiss"]
[EventRounds "13"]
[EventCountry "SUI"]
[SourceTitle "CBM 037"]
[Source "ChessBase"]
[SourceDate "1993.12.01"]
[SourceVersion "1"]
[SourceVersionDate "1993.12.01"]
[SourceQuality "1"]

1. e4 c5 2. c4 Nc6 3. Nc3 g6 4. g3 Bg7 5. Bg2 d6 6. d3 (6. Nge2 h5 $5 {Hirsch,
J-Votava,J/Brno-C/1991/EXP24/}) 6... e6 7. Nge2 Nge7 8. a3 b6 9. Rb1 Bb7 10. b4
Qd7 11. O-O O-O 12. Nb5 (12. b5 Nd4 13. Nxd4 cxd4 14. Ne2 f5 $13) (12. Be3 Nd4
13. Qd2 Rfd8 $13 {Barbero-Panno/Argentina/1984/INF39,80/} (13... Nec6 $5 $10))
12... Nd4 13. Nbxd4 cxd4 14. Qb3 Kh8 15. Qb2 e5 16. Bd2 f5 $1 17. f3 (17. exf5
$2 Bxg2 18. Kxg2 Qxf5 $15) 17... b5 $1 18. Qb3 bxc4 19. dxc4 (19. Qxc4 d5 $15)
19... Ng8 $1 20. Qd3 Bh6 21. f4 Bg7 22. fxe5 dxe5 23. Nc3 (23. exf5 Bxg2 24.
Kxg2 gxf5 $17) 23... Nf6 24. Nd5 Nxe4 25. Bxe4 fxe4 26. Qxe4 Rfc8 $1 27. Qh4 (
27. Rbc1 Rxc4 $1 28. Rxc4 Bxd5 29. Rc7 Qxc7 30. Qxd5 Rd8 $17) 27... Bxd5 28.
cxd5 Qxd5 29. Bh6 Rc2 $1 30. Bxg7+ Kxg7 31. Qf6+ Kg8 32. Rf2 Rxf2 33. Qxf2 Rf8
34. Qd2 e4 35. Re1 (35. Rd1 e3 36. Qxe3 dxe3 37. Rxd5 e2 $19) 35... Rf3 36. Rc1
e3 37. Qg2 Rf5 38. Rc8+ Kg7 39. Rc7+ Kf6 40. Qh3 Qe4 0-1

[Event "RUS-ch sf 58th"]
[Site "Kazan"]
[Date "2005.09.04"]
[Round "2"]
[White "Khismatullin, Denis Rimovich"]
[Black "Inarkiev, Ernesto"]
[Result "0-1"]
[WhiteElo "2583"]
[BlackElo "2618"]
[Annotator "Ribli,Z"]
[PlyCount "106"]
[EventDate "2005.09.03"]
[EventType "swiss"]
[EventRounds "9"]
[EventCountry "RUS"]
[SourceTitle "CBM 109"]
[Source "ChessBase"]
[SourceDate "2005.11.14"]
[SourceVersion "1"]
[SourceVersionDate "2005.11.14"]
[SourceQuality "1"]

1. c4 Nf6 2. Nc3 g6 3. g3 Bg7 4. Bg2 O-O 5. e4 {Mit diesem Zug schwächt Weiß
das Feld d4, aber er möchte seinen Königsspringer nach e2 entwickeln.} c5 6.
Nge2 Nc6 7. d3 (7. d4 $2 {Das wäre ein bekannter großer Fehler.} cxd4 8. Nxd4
Nxe4) 7... a6 8. a4 {Mit diesem prophylaktischen Zug vermeidet Weiß die
Möglichkeit b7-b5. Ähnliche Stellungen ergeben sich mit vertauschten Farben
nach 1.c4 c5 2.Nc3 g6 3.g3 Bg7 4.Bg2 Nc6 5.Nf3 e5 6.0-0 Nge7.} d6 9. O-O Rb8
10. h3 {Weiß möchte seinen Laufer nach e3 entwickeln und verteidigt sich gegen
Ng4.} Ne8 {[%cal Ge8c7,Gc7e6,Ge6d4,Gc6d4]} 11. Be3 Nc7 12. d4 {Das ist die
letzte Möglichkeit für d3-d4, sonst spielt Schwarz 12...Ne6 und bekommt die
Herrschaft über das d4-Feld.} cxd4 13. Nxd4 Ne6 (13... Nxd4 14. Bxd4 Bxd4 15.
Qxd4 b5 16. cxb5 axb5 17. a5 $1 b4 18. Nd5 Nxd5 19. exd5 Ba6 20. Rfc1 {[%csl
Yc6][%cal Gc1c8]} Qd7 (20... Bb5 21. a6 $16) 21. Rc6 Bb5 22. Rb6 Qa7 23. Bf1 $1
{1-0 Grant,J-Zueger,B/Istanbul 2003/CBM 096/[Ribli] (45)}) (13... Bd7) 14. Nde2
Na5 $5 15. b3 Bd7 {[%cal Gb7b5] Schwarz verfolgt eine einfache Strategie: er
möchte b7-b5 ziehen.} 16. f4 $5 {[%cal Gf4f5] Das ist eine agressive
Fortsetzung - Weiß möchte f4-f5 ziehen und den e6-Springer verjagen. Der
Wartezug 16.Rb1 kommt ebenfalls in Betracht.} (16. Rb1 b5 17. axb5 axb5 18. Qd3
(18. cxb5 Bxb5 19. Re1 Bxe2 20. Nxe2 Nc6 21. f4 Nb4 22. Qd2 Qa5 23. Rec1 Rfc8 {
1/2-1/2 Buhmann,R-Paehtz,E/Oberhof 1999/EXT 2000 (28)}) 18... bxc4 19. bxc4 Rb3
20. Rxb3 Nxb3 21. Rb1 Nec5 22. Qc2 Na5 23. Qa2 Nc6 24. Nd5 e6 25. Nb6 Qc7 26.
Nxd7 Nxd7 27. Qa6 {1/2-1/2 Ribli,Z-Gunawan,R/Thessaloniki 1988/TD (27)}) 16...
b5 17. axb5 axb5 18. f5 Nc5 19. Rxa5 $6 {[%mdl 512] Dieses Qualitätsopfer
führt zu taktischem Verwicklungen, aber ich bin nicht sicher, ob die weiße
Kompensation befriedigend ist.} (19. f6 exf6 (19... Bxf6 20. Rxa5 $44 (20. Bxc5
dxc5 21. Rxf6 exf6 22. Rxa5 Qxa5 23. Qxd7 bxc4 24. bxc4 Rb3 $17) 20... Qxa5 (
20... Bxc3) 21. Nd5) 20. Rxa5 Qxa5 21. Bxc5 dxc5 22. Qxd7 bxc4 23. bxc4 Rb2 (
23... f5 $132) 24. Qd3 Qa3 25. Nc1 f5 26. Nb5 Qa8 27. Qf3 {0-1 Trevisani,
B-Cvitan,O/Forli 1992/TD (39)}) (19. Bxc5 $5 dxc5 20. cxb5 $14) 19... Qxa5 20.
b4 (20. f6 exf6 (20... Bxf6 21. Nd5 $44) 21. Bxc5 (21. Qxd6) 21... dxc5 22.
Qxd7 bxc4 23. bxc4 f5 $132) (20. Nd5 Qd8) 20... Qxb4 21. Nd5 Qa3 {[%csl Ga3]
[%cal Ga3e3]} 22. Nxe7+ (22. Bc1 Qa7 $17) 22... Kh8 $17 {Schwarz hat eine
Qualität mehr und auch wenn Weiß einige Aktivitäten am Königsflügel entwickeln
konnte, so besitzt er keine entsprechende Kompensation.} 23. Bd4 gxf5 (23...
bxc4 $5 24. Bxg7+ (24. f6 Bh6 $19) 24... Kxg7 25. Qxd6 (25. Qd4+ f6 $19) 25...
Qe3+ 26. Kh2 (26. Rf2 Rb1+ $19) 26... Qxe2 27. f6+ Kh8 28. Qxc5 Be6 $19) 24.
exf5 Bxd4+ 25. Qxd4+ f6 26. Nf4 (26. Qxd6 Qe3+ $19) 26... Rf7 $6 (26... Qxg3
27. Qxd6 Qe3+ 28. Kh1 bxc4 29. Ned5 Qd4 $19) 27. Qxd6 Qa7 {[%cal Ga7g1]} 28.
Qd4 $4 {[%mdl 8192] Auf diese Weise verliert Weiß seinen Springer und kann nur
eine Qualität zurückgewinnen.} (28. Kh1 $142 Qb6 29. Qxb6 Rxb6 30. Ned5 $15)
28... Rxe7 29. Nd5 (29. Qxf6+ Rg7 $19) 29... Be8 (29... Rg7 $19) 30. Nxe7 (30.
Nxf6 Rg7 31. Nxe8 Rxe8 32. f6 Rf7 $19) 30... Qxe7 31. cxb5 Bxb5 32. Rb1 Rd8 $19
{Schwarz hat deutlichen Materialvorteil.} 33. Qc3 Bd3 34. Rd1 Ne4 35. Qe1 Bc2
36. Rxd8+ Qxd8 37. Kh2 (37. Bxe4 Qd4+ $19 (37... Qe7 $19)) 37... Qd3 (37... Qd2
$19) 38. Bf1 Qd2+ 39. Qe2 Qxe2+ 40. Bxe2 Nc3 41. Bc4 (41. Bg4 Nb5 $19) 41...
Bxf5 42. g4 Be4 43. Kg3 Nd5 44. Bb5 Kg7 45. Kh4 Kf7 46. Bf1 Bg6 47. Kg3 Ke6 48.
Bc4 Ke5 49. Kf3 Nf4 50. h4 Bc2 51. Kg3 h6 52. Ba6 Bd1 53. Bb7 Ne6 {[%cal Ge6c5,
Gc5e4]} 0-1